000 00620nam a2200181 a 4500
001 000038231
005 20240322200239.0
008 130404s2010 dr r 000 0 spa d
020 _a9789945870145
040 _aDO-SdBNP
_bspa
_cBNPHU
082 _axxxx
_bxxxx
245 0 0 _aDiscursos para la democracia /
_cprólogo Monseñor Agripino Núñez Collado.
260 _aSanto Domingo :
_bJunta Central Electora,
_c2010.
300 _a435 p. ;
_c25 cm.
590 _aInventariado, 2019/BT
700 1 _aNúñez Collado, Agripino
_d1933-2022
_epról.
_98457
710 1 _aRepública Dominicana.
_b Junta Central Electoral
_964605
999 _c37721
_d37721